Southville International School and Colleges
Your cart is empty.
  • Cart
  • Lists
    Public lists Eva Luna New books Lux_list list_1
    Your lists Log in to create your own lists
  • Log in to your account
  • Your cookies
  • Search history
Southville International School and Colleges
  • Advanced search
  • Recent comments
  • Most popular
  • Libraries

Log in to your account

Log in with GOOGLE


If you do not have an external account, but do have a local account, you can still log in:

  1. Home
  2. MARC view: Jokes, comic tales & proverbs /
Normal view MARC view ISBD view

Jokes, comic tales & proverbs / (Record no. 12388)

[ view plain ]
MARC details
000 -LEADER
fixed length control field 00661nam a22002177a 4500
003 - CONTROL NUMBER IDENTIFIER
control field PILC
005 - DATE AND TIME OF LATEST TRANSACTION
control field 20151020160718.0
008 - FIXED-LENGTH DATA ELEMENTS--GENERAL INFORMATION
fixed length control field 130930t xxu||||| |||| 00| 0 eng d
020 ## - INTERNATIONAL STANDARD BOOK NUMBER
International Standard Book Number 9789813029057
050 ## - LIBRARY OF CONGRESS CALL NUMBER
Classification number PN 6222
Item number .J74 1993
082 ## - DEWEY DECIMAL CLASSIFICATION NUMBER
Classification number GS 808.87
Item number Jo67 1993
245 ## - TITLE STATEMENT
Title Jokes, comic tales & proverbs /
Statement of responsibility, etc compiled and retold by Chong Kum Fatt.
Remainder of title from India
260 ## - PUBLICATION, DISTRIBUTION, ETC. (IMPRINT)
Place of publication, distribution, etc Singapore :
Name of publisher, distributor, etc Asiapac,
Date of publication, distribution, etc 1993
300 ## - PHYSICAL DESCRIPTION
Extent 115 p. :
Other physical details ill. ;
Dimensions 22 cm.
650 ## - SUBJECT ADDED ENTRY--TOPICAL TERM
Topical term or geographic name as entry element Chinese wit and humor
9 (RLIN) 15675
650 ## - SUBJECT ADDED ENTRY--TOPICAL TERM
Topical term or geographic name as entry element India wit and humor
9 (RLIN) 22207
650 ## - SUBJECT ADDED ENTRY--TOPICAL TERM
Topical term or geographic name as entry element korean wit and humor
9 (RLIN) 15677
650 ## - SUBJECT ADDED ENTRY--TOPICAL TERM
Topical term or geographic name as entry element Fatt, Chong Kum
9 (RLIN) 22208
942 ## - ADDED ENTRY ELEMENTS (KOHA)
Source of classification or shelving scheme Library of Congress Classification
Koha item type Books
Holdings
Withdrawn status Lost status Source of classification or shelving scheme Damaged status Home library Current library Shelving location Date acquired Total Checkouts Full call number Barcode Date last seen Date checked out Copy number Price effective from Koha item type
    Library of Congress Classification   Luxembourg Library Luxembourg Library Grade School Section 09/30/2013 1 PN 6222 .J74 1993 8936 08/19/2014 08/12/2014 1 09/30/2013 Books

Jokes, comic tales & proverbs /

APA

(1993). Jokes, comic tales & proverbs. Singapore: Asiapac.

Chicago

1993. Jokes, comic tales & proverbs. Singapore: Asiapac.

Harvard

(1993). Jokes, comic tales & proverbs. Singapore: Asiapac.

MLA

Jokes, comic tales & proverbs. Singapore: Asiapac. 1993.

  • Place hold
  • Print
  • Cite
  • Add to your cart (remove)
  • Save record
    BIBTEX Dublin Core MARCXML MARC (non-Unicode/MARC-8) MARC (Unicode/UTF-8) MARC (Unicode/UTF-8, Standard) MODS (XML) RIS
  • More searches
    Search for this title in:
    Other Libraries (WorldCat) Other Databases (Google Scholar) Online Stores (Bookfinder.com) Open Library (openlibrary.org)

Exporting to Dublin Core...

SOUTHVILLE LIBRARY

Southville International School and Colleges Library

1281 Tropical Ave. Cor. Luxembourg St., BF Homes International, Las Pinas City

Tel. No. 8256374 / 252358 Loc. 117/146

Powered by Koha